Nevelés-neveltség
Elmentve itt :
| Szerző: | |
|---|---|
| Dokumentumtípus: | Cikk |
| Megjelent: |
1971
|
| Sorozat: | Módszertani közlemények
11 No. 3 |
| Kulcsszavak: | Neveléstudomány |
| Online Access: | http://acta.bibl.u-szeged.hu/26249 |
| LEADER | 00599nab a2200181 i 4500 | ||
|---|---|---|---|
| 001 | acta26249 | ||
| 005 | 20210224154200.0 | ||
| 008 | 161017s1971 hu o 0|| hun d | ||
| 022 | |a 0544-7224 | ||
| 040 | |a SZTE Egyetemi Kiadványok Repozitórium |b hun | ||
| 041 | |a hun | ||
| 100 | 1 | |a Kerékgyártó Imre | |
| 245 | 1 | 0 | |a Nevelés-neveltség |h [elektronikus dokumentum] / |c Kerékgyártó Imre |
| 260 | |c 1971 | ||
| 300 | |a 121-126 | ||
| 490 | 0 | |a Módszertani közlemények |v 11 No. 3 | |
| 695 | |a Neveléstudomány | ||
| 856 | 4 | 0 | |u http://acta.bibl.u-szeged.hu/26249/1/modszertani_011_003_121-126.pdf |z Dokumentum-elérés |